Obálka Náhled e-knihy:
PDF Epub
Pro půjčování e-knih musíte být přihlášeni.
Jak si půjčit online?

Nikdy, nikdy, nikdy /

Hlavná hrdinka osem rokov chodí s Philipom a doteraz boli vždy zajedno, že deti mať nebudú. Zdá sa však, že Philip možno predsa len túži byť otcom... Matka čoraz častejšie spomína vnúčatá a pletie detské oblečenie v nádeji, že sa raz dočká. A keď jej najlepšia priateľka porodí dieťa, všetko sa mení....

Celý popis

Uloženo v:
Hlavní autor: Linnertová, Dagmar (Autor)
Médium: E-kniha
Jazyk:Czech
Vydáno: Praha : Albatros Media Slovakia s.r.o., 2025
Tagy:
Žádné tagy
LEADER 01521nam a22002297i 4500
001 302734
007 ta
008 260514s2025 xr ||||| |||| 00| 0 cze d
020 |a 9788056649817 
044 |a xr 
100 1 |a  Linnertová, Dagmar  |4 aut 
245 1 0 |a Nikdy, nikdy, nikdy /  |c  Linnertová, Dagmar 
240 1 0 |a Aldri, aldri, aldri 
264 1 |a Praha :  |b Albatros Media Slovakia s.r.o.,  |c 2025 
300 |a 1 online zdroj (264 stran) 
336 |a text  |b txt  |2 rdacontent 
337 |a bez média  |b n  |2 rdamedia 
338 |a online zdroj  |b cr  |2 rdacarrier 
520 2 |a Hlavná hrdinka osem rokov chodí s Philipom a doteraz boli vždy zajedno, že deti mať nebudú. Zdá sa však, že Philip možno predsa len túži byť otcom... Matka čoraz častejšie spomína vnúčatá a pletie detské oblečenie v nádeji, že sa raz dočká. A keď jej najlepšia priateľka porodí dieťa, všetko sa mení. Môže však byť rodinou len ten, kto má dieťa? Prečo sa od každej ženy očakáva, že bude chcieť byť matkou? A prečo má mnoho ľudí problém prijať iné životné voľby? 
910 |a RBIT002 
998 |d 426992  |a https://core.palmknihy.cz/api/books/426992/cover?tesgig  |b https://core.palmknihy.cz/api/books/426992/cover/400?tesgig  |c https://core.palmknihy.cz/api/books/426992/cover/50?tesgig  |e 2029-06-11  |g 264  |i 9788056649817  |j https://core.palmknihy.cz/api/books/426992/preview.epub  |k https://core.palmknihy.cz/api/books/426992/preview.pdf  |l   |q 49  |r 1  |s https://www.palmknihy.cz/kniha/426992  |t ebook  |y 2025  |z 1 
999 |d 302732